Porovnanie priestorovej klasifikácie priemyselných podnikov podľa efektívnosti v rokoch 2003 a 2004

Priestorová klasifikácia priemyselných podnikov podľa efektívnosti. Hodnotenie jednotlivých zhlukov objektov pomocou niektorej z metód viackriteriálneho hodnotenia a ich porovnanie.

Salvato in:
Dettagli Bibliografici
Autore principale: Vojtková, Mária, 1966-
Natura: Capitolo di libro
Lingua:slovacco
Soggetti:
Tags: Aggiungi Tag
Nessun Tag, puoi essere il primo ad aggiungerne!!

MARC

LEADER 00000naa$a2200000$$$4500
001 0043655
005 20240502071520.4
041 0 |a slo 
044 |a SK 
245 1 0 |a Porovnanie priestorovej klasifikácie priemyselných podnikov podľa efektívnosti v rokoch 2003 a 2004  |c Mária Vojtková 
520 |a Priestorová klasifikácia priemyselných podnikov podľa efektívnosti. Hodnotenie jednotlivých zhlukov objektov pomocou niektorej z metód viackriteriálneho hodnotenia a ich porovnanie. 
610 2 0 |a analýza zhluková 
610 2 0 |a rozhodovanie viackriteriálne 
610 2 0 |a metódy štatistické 
610 2 0 |a podnik priemyselný 
610 2 0 |a efektívnosť 
610 2 0 |a analýza štatistická 
610 2 0 |a klaster 
100 1 |a Vojtková, Mária, 1966-